00432nam a2200181Ia 4500003000400000005001700004008004100021020001400062040000700076041000800083082001900091100001300110245003300123260004500156300001600201365001300217650002000230OSt20230626110308.0210423s9999 xx 000 0 und d a198079885 cAL aeng a823 223bNARA aNARAYAN. aKocharethi: the araya woman. bOxford University PressaNew Delhic2013 axxx,221bPB b295cINR aEnglish Fiction